| 000 | 00992 am a2200301 a 4500 | ||
|---|---|---|---|
| 005 | 20240527130045.0 | ||
| 008 | 100917s1992||||ag d f |||| 001 0 spa d | ||
| 020 | _a9507100245 | ||
| 041 | _aspa | ||
| 092 |
_c370.73 _l28 _sGAL |
||
| 100 | 1 |
_aGalli, Amanda _eCoord. _9659 |
|
| 245 |
_aPrograma de Formación Docente Pedagógica. Curso de Aprendizaje y Evaluación. _bVol.3 Currículum y programación educacional / _cAmanda Galli. |
||
| 250 | _a1a ed. | ||
| 260 |
_aBuenos Aires: _bOPS/OMS; _c1991. |
||
| 300 | _a85 p. | ||
| 500 | _aGalli, A. y Castro, C. (1991). Programa de Formación Docente Pedagógica. Curso de Aprendizaje y Evaluación. Vol.3 Currículum y programación educacional. (1a ed.). Buenos Aires : OPS/OMS. | ||
| 653 | _aFormación docente | ||
| 653 | _aAprendizaje | ||
| 653 | _aEvaluación | ||
| 700 | 1 |
_aCastro, Claudia. _9657 |
|
| 930 | _a356 | ||
| 930 | _a404 | ||
| 930 | _a2160 | ||
| 930 | _a2161 | ||
| 930 | _a2162 | ||
| 930 | _a409 | ||
| 942 |
_2ddc _cBK |
||
| 999 |
_c742 _d742 |
||